000 00755nam a2200217 i 4500
001 101449
003 ES-MaACL
005 20251124170354.0
007 t|
008 051018s1942 sp ||||1| spa d
100 1 _aMazzucchelli, Mario.
_979508
245 1 3 _aLa Emperatriz sin imperio
_b: vida de la Condesa de Castiglione /
_cMarco Mazzucchelli; traducción de María Luz Morales; ilustraciones de Narro.
260 _aBarcelona :
_bIberia,
_c1942.
300 _a3 lám. col., 208 p. ;
_c21 cm.
490 1 _aEstrella de mar
700 1 _aMorales, María Luz,
_d1889-1980
_983001
700 1 _aNarro, José,
_d1902-
_984950
830 0 _aLa estrella del mar
_9186683
852 _aES-MaACL
_jA-945
_bR.19813
999 _c101449
_d101449